000 00294nam a22001337a 4500
008 170620b xxu||||| |||| 00| 0 eng d
020 _a9780691026374
041 _aeng
080 _a32
100 _a20
101 _aSHP
245 _aUSEFUL ADVERSARIES
_cCHRISTENSEN, TH.J
942 _2udc
_cBK
999 _c18352
_d18352